000 00553nam a2200241Ia 4500
003 IT-RoPAU
005 20220918175929.0
008 120407s9999 xx 000 0 und d
040 _aIT-RoPAU
040 _cIT-RoPAU
041 _aita
100 _aTheodor Mommsen
_936328
245 _aStoria di Roma. Curata e annotata da Ant. Quattrini
250 _aRoma
260 _aEd. Acqua
260 _c1938
300 _a84 p.
300 _c19 cm
490 _v1
600 _a1. Roma antica. Storia
_936329
942 _cBK
_2ddc
999 _c36960
_d36960